000 00675nam a2200289Ia 4500
005 20260324113423.0
008 008 260324s9999 xx 000 0 eng d
020 _a9781003392262
037 _aEBOOK
040 _aCRL
040 _beng
040 _cCRL
041 _2eng
041 _aeng
084 _qCRL
100 _aWinai Wongsurawat
_91146702
245 0 _aEconomic Development Parables
245 0 _bFrom Siam to Thailand
260 _bTaylor and Francis
260 _c2023
365 _a
365 _b80.99
856 _uhttp://www.taylorfrancis.com/books/9781003392262
942 _cEBOOK
999 _c1736339
_d1736339